| 000 | 00619nam a22002057a 4500 | ||
|---|---|---|---|
| 005 | 20241212134535.0 | ||
| 008 | 241212b |||||||| |||| 00| 0 eng d | ||
| 020 | _a9780697101501 | ||
| 050 | _aQH317 BER | ||
| 100 | _aBernstein, Ruth | ||
| 245 |
_aBiology/ _bLaboratory Manual _cRuth Bernstein & Stephen Bernstein edited by Martin Hahn, Stephen Vail & Jane Voos |
||
| 260 |
_aDubuque _bWm. C. Brown Publishers _c1996 |
||
| 300 |
_aviii.247p. _bill. _c27.5cm |
||
| 650 | _2Biology | ||
| 700 | _aBernstein, Stephen | ||
| 700 | _aHahn, Martin | ||
| 700 | _aVail, Stephen | ||
| 700 | _aVoos, Jane | ||
| 942 |
_2lcc _cBK _n0 |
||
| 999 |
_c2114 _d2114 |
||